|
|
|
|
| LEADER |
00941cam a2200253 7i4500 |
| 001 |
0000012645 |
| 005 |
20151104090000.0 |
| 005 |
##20151104113500.0 |
| 003 |
##MY-KlINT |
| 020 |
# |
# |
|a 9789834485825
|
| 039 |
# |
9 |
|y 201511041135
|z VLOAD
|
| 090 |
0 |
0 |
|a 297.273
|b MOH
|
| 100 |
1 |
# |
|a Mohammad Zaini Yahaya
|
| 245 |
1 |
0 |
|a Etika perniagaan dalam Islam :
|b mengaut laba menggandakan pahala /
|c Mohammad Zaini Yahaya, Mohd Sukki Othman, Muhammad Adib Samsudin.
|
| 260 |
# |
# |
|a Kajang, Selangor:
|b Soul Excellent Training & Consultancy,
|c 2010.
|
| 300 |
# |
# |
|a [vi], 185ms;
|c 23cm.
|
| 500 |
# |
# |
|a Mengandungi indeks dan Bibliografi
|
| 500 |
# |
# |
|a Mengandungi ayat-ayat dari Al-Quran
|
| 650 |
# |
0 |
|a Economics --
|x Religious aspects --
|x Islam
|
| 650 |
# |
0 |
|a Business ethics
|
| 650 |
# |
0 |
|a Business --
|x Religious aspects --
|x Islam
|
| 700 |
0 |
# |
|a Mohd Sukki Othman(
|d 1974-)
|
| 700 |
0 |
# |
|a Muhammad Adib Samsudin
|
| 999 |
|
|
|a 0000066305
|b BOOK
|c Main Non-Fiction
|e INTAN BK
|